000 01166nam a2200313 i 4500
003 EG-GICUC
005 20260501152407.0
008 260501s1991 ua ||||fr|||| 00| 0 ara d
040 _a EG-GICUC
_bara
_c EG-GICUC
_d EG-GICUC
_erda
041 0 _aara
082 0 4 _221
_a345.6
_bس ل . ن
092 0 4 _221
099 _aLaw1 07 345.6 س ل . ن 6 ed - 1991
100 0 _aسليمان محمد الطماوى
_eمؤلف.
240 _a
245 1 2 _aالنظرية العامة للقرارات الإداريّة :
_bدراسة مقارنة /
_cسليمان محمد الطماوى.
250 _aالطبعة السادسة.
264 4 _aعين شمس :
_bمطبعة جامعة عين شمس,
_c1991.
300 _a770 ؛ صفحة
_c24 سم
336 _2rda content
_atext
337 _2rda media
_aComputer
338 _2rda carrier
_aOnline Resource
546 _aالنص باللغة العربية
650 1 4 _aالقانون الإداري
_2qrmak
651 1 _2qrmak
856 4 0 _uhttps://fll.law.cu.edu.eg/fulltext/bks/B07-04291.pdf
905 _a47
942 _2ddc
_cBK
_e21
_n0
999 _c74653
_d74653